[Event "HUN-chT2 Toth 1011"]
[Site "Hungary"]
[Date "2011.03.27"]
[Round "7.9"]
[White "Csomos, Janos"]
[Black "Koszo, Attila"]
[Result "0-1"]
[WhiteElo "1886"]
[BlackElo "1806"]
[PlyCount "66"]
[EventDate "2010.09.12"]
[EventType "team-tourn"]
[EventRounds "11"]
[EventCountry "HUN"]
[SourceTitle "EXT 2012"]
[Source "ChessBase"]
[SourceDate "2011.11.24"]
[SourceVersion "1"]
[SourceVersionDate "2011.11.24"]
[SourceQuality "1"]
[WhiteTeam "Gyula"]
[BlackTeam "Maroczy II"]
[WhiteTeamCountry "HUN"]
[BlackTeamCountry "HUN"]

1. d4 Nf6 2. Nf3 g6 3. g3 Bg7 4. Bg2 0-0 5. 0-0 d6 6. c4 c6 7. Nc3 Qa5 8. Nd2 Nbd7 9. a3 e5 10. b4 Qc7 11. e3 a5 12. b5 Rd8 13. Bb2 Nb6 14. Rc1 Be6 15. Qe2 exd4 16. exd4 d5 17. c5 Nc4 18. b6 Qd7 19. Nxc4 dxc4 20. Rcd1 Re8 21. Qd2 Rad8 22. Rfe1 Bh3 23. Bh1 Qxd4 24. Rxe8+ Nxe8 25. Qe2 Qf6 26. Re1 Qe6 27. Ne4 Bxb2 28. Qxb2 f5 29. Qc2 fxe4 30. Rxe4 Qf7 31. Qe2 Qd7 32. Qxc4+ Kh8 33. Bf3 Qd1+ 0-1

[Event "HUN-chT U18"]
[Site "Miskolc"]
[Date "2010.11.05"]
[Round "6.4"]
[White "Lovas, Miklos"]
[Black "Koszo, Attila"]
[Result "0-1"]
[WhiteElo "1756"]
[BlackElo "1829"]
[PlyCount "82"]
[EventDate "2010.11.02"]
[EventType "team-swiss"]
[EventRounds "8"]
[EventCountry "HUN"]
[SourceTitle "EXT 2016"]
[Source "ChessBase"]
[SourceDate "2015.10.08"]
[SourceVersion "1"]
[SourceVersionDate "2015.10.08"]
[SourceQuality "1"]

1. e4 c5 2. Nf3 Nc6 3. d4 cxd4 4. Nxd4 Nf6 5. Nc3 e5 6. Ndb5 d6 7. Bg5 a6 8. Na3 b5 9. Nd5 Be7 10. Nxe7 Nxe7 11. Bd3 Bb7 12. Bxf6 gxf6 13. f3 d5 14. Qd2 Qb6 15. Qf2 Qxf2+ 16. Kxf2 0-0-0 17. Rac1 b4 18. Nb1 f5 19. exd5 Rxd5 20. Bc4 Rd6 21. Bxf7 e4 22. c3 bxc3 23. Rxc3+ Kd7 24. Rhc1 Nc6 25. Bb3 Ne5 26. Bc2 Rf8 27. Ke2 exf3+ 28. gxf3 Bxf3+ 29. Rxf3 Nxf3 30. Kxf3 Ke7 31. Rd1 Rb6 32. Bb3 Kf6 33. Nd2 Rd8 34. Nc4 Rxb3+ 35. axb3 Rxd1 36. b4 Rc1 37. Na5 Rc2 38. b3 Rxh2 39. Nb7 Rh3+ 40. Kf4 Rxb3 41. Nc5 Rxb4+ 0-1

[Event "HUN-chT U18"]
[Site "Miskolc"]
[Date "2010.11.04"]
[Round "4.4"]
[White "Wanger, Tamas"]
[Black "Koszo, Attila"]
[Result "0-1"]
[WhiteElo "1801"]
[BlackElo "1829"]
[PlyCount "112"]
[EventDate "2010.11.02"]
[EventType "team-swiss"]
[EventRounds "8"]
[EventCountry "HUN"]
[SourceTitle "EXT 2016"]
[Source "ChessBase"]
[SourceDate "2015.10.08"]
[SourceVersion "1"]
[SourceVersionDate "2015.10.08"]
[SourceQuality "1"]

1. d4 Nf6 2. c4 g6 3. Nc3 Bg7 4. e4 d6 5. Nge2 a6 6. Ng3 c6 7. a4 h5 8. h4 a5 9. Be2 0-0 10. Bg5 Nbd7 11. Qd2 Qc7 12. Rc1 Re8 13. f4 e5 14. fxe5 dxe5 15. d5 Nc5 16. Qe3 Nb3 17. Nb5 cxb5 18. Qxb3 bxa4 19. Qxa4 Bd7 20. Qb3 a4 21. Qc3 Ng4 22. Bxg4 Bxg4 23. 0-0 Bf8 24. c5 Rac8 25. d6 Qc6 26. Bf6 b6 27. Bxe5 bxc5 28. Bf4 Bxd6 29. Bxd6 Qxd6 30. Rf6 Qd4+ 31. Qxd4 cxd4 32. Rcf1 d3 33. R1f2 Red8 34. Rd2 Rc2 35. Rff2 Rxd2 36. Rxd2 Kg7 37. Kf2 Be6 38. Ke3 Bc4 39. e5 Rd5 40. Kf4 Rd4+ 41. Kf3 Rxh4 42. Nf1 Rd4 43. Ne3 Bb5 44. Nd1 g5 45. Nf2 Kg6 46. Ke3 Rd7 47. Nxd3 Bxd3 48. Rxd3 Rxd3+ 49. Kxd3 Kf5 50. Kd4 g4 51. g3 h4 52. gxh4 g3 53. Ke3 Kg4 54. Ke2 Kxh4 55. Ke1 Kh3 56. Kf1 Kh2 0-1

[Event "HUN-chT U18"]
[Site "Miskolc"]
[Date "2010.11.03"]
[Round "3.3"]
[White "Koszo, Attila"]
[Black "Genda, Karoly"]
[Result "1-0"]
[WhiteElo "1829"]
[BlackElo "2015"]
[PlyCount "99"]
[EventDate "2010.11.02"]
[EventType "team-swiss"]
[EventRounds "8"]
[EventCountry "HUN"]
[SourceTitle "EXT 2016"]
[Source "ChessBase"]
[SourceDate "2015.10.08"]
[SourceVersion "1"]
[SourceVersionDate "2015.10.08"]
[SourceQuality "1"]

1. Nf3 d5 2. c4 e6 3. g3 Nf6 4. Bg2 c6 5. 0-0 Be7 6. d4 Nbd7 7. b3 0-0 8. Bb2 b6 9. Qc2 Bb7 10. Nc3 c5 11. Rfd1 dxc4 12. bxc4 cxd4 13. Rxd4 Bc5 14. Rh4 Qe7 15. e4 g6 16. e5 Nh5 17. Bc1 Rac8 18. Ne4 Bxe4 19. Qxe4 f5 20. Qe2 Qe8 21. Ng5 Kg7 22. Bf3 h6 23. Nh3 Be7 24. Rd4 Bb4 25. Bb2 Bc5 26. Rd3 Kh7 27. Qd1 Rd8 28. Bc6 Rf7 29. Qa4 Qe7 30. Rad1 b5 31. Qxb5 a6 32. Qa4 Bxf2+ 33. Nxf2 Nc5 34. Rxd8 Nxa4 35. R8d7 Qxd7 36. Rxd7 Rxd7 37. Bxd7 Nxb2 38. Bxe6 Ng7 39. Bf7 g5 40. c5 Na4 41. c6 Nb6 42. c7 h5 43. e6 Nc8 44. Nd3 f4 45. gxf4 gxf4 46. Nxf4 Kh6 47. Nd5 Nf5 48. Be8 Na7 49. Bd7 Nd6 50. e7 1-0

[Event "HUN-chT U18"]
[Site "Miskolc"]
[Date "2010.11.03"]
[Round "2.9"]
[White "Koszo, Attila"]
[Black "Korosi, Eszter"]
[Result "1-0"]
[WhiteElo "1829"]
[BlackElo "1504"]
[PlyCount "93"]
[EventDate "2010.11.02"]
[EventType "team-swiss"]
[EventRounds "8"]
[EventCountry "HUN"]
[SourceTitle "EXT 2016"]
[Source "ChessBase"]
[SourceDate "2015.10.08"]
[SourceVersion "1"]
[SourceVersionDate "2015.10.08"]
[SourceQuality "1"]

1. d4 f5 2. e4 d6 3. Nc3 Nf6 4. Bd3 e6 5. Nf3 Be7 6. 0-0 Nc6 7. Re1 0-0 8. e5 dxe5 9. dxe5 Nd5 10. Nxd5 Qxd5 11. c4 Qd7 12. a3 b6 13. b4 Nd4 14. Bb2 c5 15. Nxd4 cxd4 16. Rc1 Bb7 17. Be2 Rad8 18. Bf3 Bxf3 19. Qxf3 Qc7 20. Qd3 Rd7 21. f4 Rfd8 22. Rc2 Qc6 23. Kf2 a6 24. g3 g5 25. Qf3 Qxf3+ 26. Kxf3 g4+ 27. Kf2 d3 28. Rc3 d2 29. Rd1 h5 30. Rc2 Kf7 31. Ke2 Ke8 32. Rcxd2 Rxd2+ 33. Rxd2 Rxd2+ 34. Kxd2 Kd7 35. Bd4 b5 36. Kc3 Kc6 37. Kb3 Bf8 38. a4 Be7 39. cxb5+ axb5 40. a5 Kb7 41. Bc5 Bd8 42. Kc3 Ka6 43. Kd4 h4 44. Bf8 hxg3 45. hxg3 Bh4 46. gxh4 g3 47. Ke3 1-0

[Event "HUN-chT2 Maroczy 1011"]
[Site "Hungary"]
[Date "2010.09.26"]
[Round "2"]
[White "Koszo, Attila"]
[Black "Kecze, Matyas"]
[Result "1-0"]
[WhiteElo "1806"]
[BlackElo "1777"]
[PlyCount "73"]
[EventDate "2010.09.12"]
[EventType "team-tourn"]
[EventRounds "11"]
[EventCountry "HUN"]
[SourceTitle "EXT 2012"]
[Source "ChessBase"]
[SourceDate "2011.11.24"]
[SourceVersion "1"]
[SourceVersionDate "2011.11.24"]
[SourceQuality "1"]
[WhiteTeam "Maroczy"]
[BlackTeam "Kisujszallas"]
[WhiteTeamCountry "HUN"]
[BlackTeamCountry "HUN"]

1. d4 Nf6 2. c4 c5 3. Nf3 g6 4. Nc3 cxd4 5. Nxd4 Bg7 6. e4 d6 7. Be2 Nbd7 8. Be3 b6 9. 0-0 Bb7 10. f3 0-0 11. Qd2 Re8 12. Rac1 Nc5 13. Rfd1 Qd7 14. Nd5 Rad8 15. Nb5 Bc6 16. Nbc7 Rf8 17. Nxf6+ Bxf6 18. Nd5 Bg7 19. b4 Ne6 20. c5 bxc5 21. bxc5 Nxc5 22. Bxc5 dxc5 23. Rxc5 e6 24. Rxc6 exd5 25. Qxd5 Qb7 26. Qxd8 Qxc6 27. Qd7 Qc5+ 28. Kf1 Qe3 29. Bc4 Be5 30. h3 Qc3 31. Bb3 Qb2 32. Qxa7 Qc3 33. Qd7 Qe3 34. Bxf7+ Rxf7 35. Qe8+ Kg7 36. Qxe5+ Kg8 37. Rd8+ 1-0

[Event "HUN-chT2 Toth 0910"]
[Site "Hungary"]
[Date "2010.01.31"]
[Round "5.11"]
[White "Koszo, Attila"]
[Black "Lendvai, Csaba"]
[Result "1-0"]
[WhiteElo "1763"]
[BlackElo "100"]
[PlyCount "135"]
[EventDate "2009.11.08"]
[EventType "team-tourn"]
[EventRounds "11"]
[EventCountry "HUN"]
[SourceTitle "EXT 2011"]
[Source "ChessBase"]
[SourceDate "2010.11.26"]
[SourceVersion "1"]
[SourceVersionDate "2010.11.26"]
[SourceQuality "1"]
[WhiteTeam "Maroczy II"]
[BlackTeam "Abony"]
[WhiteTeamCountry "HUN"]
[BlackTeamCountry "HUN"]

1. d4 Nf6 2. c4 d6 3. Nc3 g6 4. e4 Bg7 5. Bd3 0-0 6. Nge2 Nbd7 7. 0-0 b6 8. a3 Bb7 9. b4 c5 10. bxc5 bxc5 11. d5 Rb8 12. f4 a6 13. h3 Nh5 14. Rb1 e6 15. Bb2 Qa5 16. Qa4 Qxa4 17. Nxa4 Ba8 18. Bxg7 Nxg7 19. g4 e5 20. f5 f6 21. Nac3 g5 22. a4 Rb7 23. Rxb7 Bxb7 24. Rb1 Rb8 25. a5 Bc8 26. Rxb8 Nxb8 27. Na4 Nd7 28. Bc2 Bb7 29. Nb6 Nb8 30. Ba4 Kf8 31. Nd7+ Nxd7 32. Bxd7 Ne8 33. Nc3 Nc7 34. Na4 Ke7 35. Be6 Na8 36. h4 h6 37. hxg5 hxg5 38. Kf2 Kd8 39. Nb6 Nxb6 40. axb6 a5 41. Ke3 a4 42. Kd3 Ba6 43. Kc3 a3 44. Kb3 a2 45. Kxa2 Bxc4+ 46. Ka3 Bd3 47. Ka4 Bxe4 48. Kb5 Bd3+ 49. Kc6 Ba6 50. Kxd6 c4 51. Bd7 e4 52. Bb5 Bc8 53. Bxc4 e3 54. Kc6 Bd7+ 55. Kb7 Bc8+ 56. Ka7 Kd7 57. b7 Bxb7 58. Kxb7 Kd6 59. Kc8 e2 60. Bxe2 Kxd5 61. Kd7 Ke5 62. Ke7 Kd5 63. Kxf6 Kd6 64. Kxg5 Ke7 65. f6+ Kf8 66. Kg6 Kg8 67. f7+ Kf8 68. g5 1-0

[Event "HUN-ch U14"]
[Site "Balatonlelle"]
[Date "2009.07.04"]
[Round "8"]
[White "Koszo, Attila"]
[Black "Nagy, Zoltan5555"]
[Result "1/2-1/2"]
[WhiteElo "1724"]
[BlackElo "2023"]
[PlyCount "69"]
[EventDate "2009.06.27"]
[EventType "swiss"]
[EventRounds "9"]
[EventCountry "HUN"]
[SourceTitle "EXT 2011"]
[Source "ChessBase"]
[SourceDate "2010.11.26"]
[SourceVersion "1"]
[SourceVersionDate "2010.11.26"]
[SourceQuality "1"]

1. Nf3 Nf6 2. c4 c6 3. g3 g6 4. Bg2 Bg7 5. 0-0 0-0 6. d4 d5 7. Nc3 Nbd7 8. cxd5 cxd5 9. b3 Nb6 10. Ba3 Bf5 11. Rc1 Rc8 12. e3 Ne4 13. Nxe4 Bxe4 14. Ne1 Qd7 15. f3 Rxc1 16. Qxc1 Bf5 17. g4 Be6 18. Nd3 Qd8 19. Qc5 Bh6 20. Kf2 Bg5 21. Rc1 Qb8 22. Qc7 Qxc7 23. Rxc7 Rc8 24. Rxc8+ Bxc8 25. h3 e6 26. f4 Bh6 27. g5 Bf8 28. Bxf8 Kxf8 29. Ne5 Nd7 30. Nxd7+ Bxd7 31. Bf1 Ke7 32. Ke1 Kd6 33. Kd2 Kc6 34. Kc3 b5 35. b4 1/2-1/2

[Event "HUN-ch U14"]
[Site "Balatonlelle"]
[Date "2009.06.27"]
[Round "1"]
[White "Heidrich, Mate"]
[Black "Koszo, Attila"]
[Result "0-1"]
[WhiteElo "1922"]
[BlackElo "1724"]
[PlyCount "86"]
[EventDate "2009.06.27"]
[EventType "swiss"]
[EventRounds "9"]
[EventCountry "HUN"]
[SourceTitle "EXT 2011"]
[Source "ChessBase"]
[SourceDate "2010.11.26"]
[SourceVersion "1"]
[SourceVersionDate "2010.11.26"]
[SourceQuality "1"]

1. e4 c5 2. Nf3 Nc6 3. Bb5 d6 4. 0-0 Bd7 5. c3 Nf6 6. Re1 e6 7. d4 cxd4 8. cxd4 Be7 9. Nc3 a6 10. Ba4 b5 11. Bc2 0-0 12. e5 Nd5 13. a3 Nxc3 14. Qd3 g6 15. Qxc3 dxe5 16. dxe5 Rc8 17. Qd3 Qc7 18. Bh6 Rfd8 19. Qe3 Nxe5 20. Nxe5 Qxc2 21. Nxd7 Qxb2 22. Rab1 Qc3 23. Rbc1 Qxe3 24. fxe3 Rxc1 25. Rxc1 Rxd7 26. Rc8+ Rd8 27. Rc6 Bxa3 28. Rxa6 Bf8 29. Bxf8 Kxf8 30. Rb6 Rd5 31. Kf2 h5 32. Kf3 Ke7 33. Rb7+ Kf6 34. Kf4 Rf5+ 35. Ke4 Rf2 36. g3 Rb2 37. h4 b4 38. Rb5 Rb1 39. Kf4 b3 40. e4 b2 41. e5+ Kg7 42. Kg5 Rg1 43. Rxb2 Rxg3+ 0-1

[Event "HUN-chT2 Toth 0809"]
[Site "Hungary"]
[Date "2009.04.19"]
[Round "11.12"]
[White "Koszo, Attila"]
[Black "Koplandi, Peter"]
[Result "1-0"]
[WhiteElo "1676"]
[BlackElo "100"]
[PlyCount "109"]
[EventDate "2008.10.26"]
[EventType "team-tourn"]
[EventRounds "11"]
[EventCountry "HUN"]
[SourceTitle "EXT 2010"]
[Source "ChessBase"]
[SourceDate "2010.11.25"]
[SourceVersion "1"]
[SourceVersionDate "2010.11.25"]
[SourceQuality "1"]
[WhiteTeam "Maroczy II"]
[BlackTeam "Szentes"]
[WhiteTeamCountry "HUN"]
[BlackTeamCountry "HUN"]

1. d4 d5 2. c4 Nf6 3. Nf3 e6 4. g3 c5 5. Bg2 Nc6 6. cxd5 Nxd5 7. 0-0 Be7 8. dxc5 Bxc5 9. Nc3 Nxc3 10. Qxd8+ Nxd8 11. bxc3 0-0 12. Nd4 Bd7 13. Nb3 Bb6 14. Ba3 Re8 15. Nc5 Bxc5 16. Bxc5 Bc6 17. Rab1 b6 18. Bd6 Bxg2 19. Kxg2 Nb7 20. Rfd1 Rac8 21. Bb4 Rcd8 22. Kf3 f6 23. e4 Kf7 24. Ke3 g6 25. Rbc1 h5 26. Rd4 e5 27. Rd2 Rxd2 28. Kxd2 Nd8 29. Rd1 Nc6 30. Ke3 Rd8 31. Rxd8 Nxd8 32. f4 Nc6 33. Ba3 Na5 34. Bc1 Ke6 35. Kd3 b5 36. Be3 a6 37. Bc1 Nc4 38. a4 f5 39. exf5+ gxf5 40. axb5 axb5 41. fxe5 Kxe5 42. Bf4+ Kd5 43. Kc2 Nb6 44. Kb3 Na4 45. c4+ Kc6 46. Kb4 Nb6 47. cxb5+ Kb7 48. Kc5 Nd7+ 49. Kd6 Nf6 50. Ke6 Ng4 51. h4 Kb6 52. Kxf5 Kxb5 53. Kg5 Kc6 54. Kxh5 Nf6+ 55. Kg6 1-0

[Event "HUN-chT U18"]
[Site "Miskolc"]
[Date "2008.10.30"]
[Round "7.12"]
[White "Koszo, Attila"]
[Black "Dudas, Szilvia"]
[Result "0-1"]
[WhiteElo "1676"]
[BlackElo "1803"]
[PlyCount "82"]
[EventDate "2008.10.27"]
[EventType "team-swiss"]
[EventRounds "8"]
[EventCountry "HUN"]
[SourceTitle "EXT 2016"]
[Source "ChessBase"]
[SourceDate "2015.10.08"]
[SourceVersion "1"]
[SourceVersionDate "2015.10.08"]
[SourceQuality "1"]

1. e4 e5 2. Nf3 Nc6 3. c3 Nf6 4. d4 exd4 5. e5 Ne4 6. cxd4 Bb4+ 7. Nbd2 Nxd2 8. Bxd2 Bxd2+ 9. Qxd2 d5 10. Bb5 Bd7 11. a4 0-0 12. 0-0 Ne7 13. Bxd7 Qxd7 14. Qc2 Nf5 15. Rac1 c6 16. Rfe1 Rae8 17. Qd3 Qe6 18. Nd2 Qg6 19. Nb3 Qg5 20. Nc5 Re7 21. Rc2 Rfe8 22. f4 Qxf4 23. Rf2 Qxd4 24. Qxd4 Nxd4 25. Ref1 b6 26. Nd3 c5 27. g3 Nc6 28. Kg2 Nxe5 29. Nxe5 Rxe5 30. Rxf7 Re2+ 31. Kh3 R2e7 32. Rxe7 Rxe7 33. Rd1 d4 34. b4 Rd7 35. bxc5 bxc5 36. Rc1 d3 37. Kg2 d2 38. Rd1 c4 39. Kf2 c3 40. Ke2 Re7+ 41. Kd3 Re1 0-1